Score 0/20 Timer 08:00
2 Plays Today
% Correct
Les Misérables
92.9%
The Catcher in the Rye
90.2%
Memoirs of a Geisha
89.2%
Gone with the Wind
87.7%
One Flew Over the Cuckoo's Nest
84.2%
Othello
83.3%
Mockingjay
82.5%
The Iliad
82%
Crime and Punishment
81.3%
La Traviata
74.3%
% Correct
Moll Flanders
73.1%
Siddhartha
69.7%
Oliver Twist
65.8%
Cry, the Beloved Country
59.2%
East of Eden
58.9%
Ulysses
51.8%
Maskerade (Discworld)
51.4%
The Jew of Malta
50.9%
The Sun Also Rises
42.2%
Notes from the Underground
38.5%
Remove Ads.
Support Sporcle.
Get the best of Sporcle when you Go Orange. This ad-free experience offers more features, more stats, and more fun while also helping to support Sporcle. Thank you for becoming a member.

You're not logged in!

Compare scores with friends on all Sporcle quizzes.
OR
Log In

Show Comments

Extras

Top Quizzes Today


Score Distribution

Your Account Isn't Verified!

In order to create a playlist on Sporcle, you need to verify the email address you used during registration. Go to your Sporcle Settings to finish the process.

Report this User

Report this user for behavior that violates our Community Guidelines.

Details: